Most Important Wars of All Time - Statistics

General Stats
  • This quiz has been taken 53 times
  • The average score is 9 of 37
Answer Stats
Hint Answer % Correct
1939-1945 World War 2
93%
1914–1918 World War 1
91%
1955–1975 Vietnam War
71%
1950–1953 Korean War
67%
1861–1865 American Civil War
60%
1337-1453 Hundred years War
60%
2003–2011 Iraq War
53%
1756–1763 Seven Years War
44%
1618–1648 Thirty years War
38%
1917–1922 Russian Civil War
33%
1095-1291 Crusades
31%
1927–1949 Chinese Civil War
27%
1775–1783 American Revolutionary War
24%
264-241BC First Punic war
20%
218-201BC Second Punic War
20%
1455-1487 War of the Roses
20%
149-146BC Third Punic war
18%
1700–1721 Great Northern War
16%
499-449BC Greco Persian Wars
11%
1206-1368 mongol conquest
11%
1912–1913 Balkan Wars
7%
1683–1699 Great turkish war
7%
395-453 Hunnic Invasion
7%
184-280 Three kingdoms war
7%
336-323BC Wars of Alexander the great
7%
549-530BC Conquest of Cyrus the great
4%
1979–1989 Soviet Afgan War
4%
1585–1604 Anglo Spanish War
2%
1451-1481 Conquest of Mu hemmed the second
2%
1521–1566 Conquest of Suleiman the Magnificent
2%
1853–1856 Crimean Wars
2%
1592–1598 Japanese invasion of Korea
2%
534-548 Moorish Wars
2%
1803–1815 Napolionic Wars
2%
1839-1860 Opium wars
2%
711-1492 Reqonquista
2%
1494-1632 Spanish Conquest of the New World
2%
No matching quizzes found
Score Distribution
Percent of People with Each Score
Percentile by Number Answered
Your Score History
You have not taken this quiz